Списки лиц, представляющихся императору (январь)

Доступно только в Электронных читальных залах Найти на картеНа карте
RUSMARC
00003466nmc2a22002413x 450
00159103525-6642-4e65-be44-e005a65e031f
00520251105094858.0
100##$a20250701l19171917k l0rusy0189 ca
1010#$arus
102##$aRU
105##$ay###
1222#$ad
2001#$aСписки лиц, представляющихся императору (январь)
$jянварь 1917 г.
215##$a157 л.
$d36,5х26 см
251##$cДело
300##$aДело
371##$aДокумент не является опубликованным и широко распространяемым
461#0$10011beca410-31e9-4f28-916a-592ca9443f69
$12001
$aЦеремониальная часть Министерства императорского двора
$1251
$cФонд
$1852
$j473
462#0$1001a54d7da2-27dc-4d4e-832c-8830aaafd738
$12001
$aЦеремониальная часть Министерства императорского двора
$1251
$cОпись
$1852
$j3
801#0$aRU
$bРГИА
$c20250701
$gRCR
801#1$aRU
$bГлавНИВЦ
$c20250701
$2rusmarc
801#2$aRU
$bПБ им. Б.Н. Ельцина
$c20251105
$gRCR
$2rusmarc
850##$aРГИА
852##$aРГИА
$eФедеральное казенное учреждение "Российский государственный исторический архив" (РГИА)
$j1003
937##$hРГИА
$d12427223
$aASBIBLIO_SCAN
035##$aRusGRCC00087073
856##$uhttp://readingroom.main.prlib.ru/item.aspx?id_node=n198896788&mode=full
Формат отображения